000
00285nam a2200133 4500
008
181219b xxu||||| |||| 00| 0 eng d
020
_a
9780534093600
041
_a
eng
080
_a
101
100
_a
24
101
_a
FIL
245
_a
Ethical Theory
_c
Pojman,L.P
942
_2
ddc
_c
BK
999
_c
53510
_d
53510